[Event "Rated Blitz tournament hob2vrdf"]
[Site "?"]
[Date "2021.05.20"]
[Round "?"]
[White "PierrotDeCastelnau"]
[Black "Maltinho"]
[Result "0-1"]
[WhiteElo "2726"]
[BlackElo "2495"]
[PlyCount "104"]
[EventDate "2021.??.??"]
[EventType "blitz"]

1. e4 e5 2. Nf3 d5 3. exd5 Bd6 4. d4 e4 5. Ng5 Nf6 6. c4 h6 7. Nh3 Bxh3 8. gxh3
c5 9. Nc3 Nbd7 10. Nb5 Qe7 11. Rg1 g5 12. h4 g4 13. h3 cxd4 14. Nxd4 Bb4+ 15.
Bd2 e3 16. fxe3 Qxe3+ 17. Qe2 Bxd2+ 18. Kd1 Qxe2+ 19. Kxe2 Bf4 20. hxg4 O-O-O
21. Kf3 Be5 22. Rd1 Bxd4 23. Rxd4 Ne5+ 24. Kf4 Rde8 25. Bh3 Kd8 26. c5 Ng6+ 27.
Kf5 Nd7 28. g5 h5 29. Re4 Rxe4 30. Kxe4 Nxc5+ 31. Kd4 b6 32. Rf1 Rf8 33. Rf6
Nd7 34. Rd6 Nge5 35. Rh6 Nf3+ 36. Kc4 Nxh4 37. Rd6 f5 38. gxf6 Rf7 39. Be6 Ng6
40. Kb5 Rh7 41. f7 Ngf8 42. Bxd7 Ke7 43. Kc6 Rxf7 44. Bc8 Rf2 45. Rh6 Rc2+ 46.
Kb7 Kd8 47. Bf5 Rc7+ 48. Kb8 Rc5 49. Rh8 Ke7 50. d6+ Kf7 51. Rxf8+ Kxf8 52. d7
Ke7 {Normal} 0-1

[Event "Rated Rapid game"]
[Site "?"]
[Date "2021.05.20"]
[Round "?"]
[White "Michumiszczu"]
[Black "Delyvj"]
[Result "0-1"]
[WhiteElo "2369"]
[BlackElo "2481"]
[PlyCount "72"]
[EventDate "2021.??.??"]
[EventType "rapid"]

1. e4 e5 2. Nf3 d5 3. d4 dxe4 4. Nxe5 Nd7 5. Nc3 Nxe5 6. dxe5 Qxd1+ 7. Kxd1
Bg4+ 8. Be2 O-O-O+ 9. Ke1 Bf5 10. Bg5 f6 11. exf6 Nxf6 12. a3 Bc5 13. Rd1 Bd4
14. Be3 c5 15. Nb5 Bxb2 16. Bxc5 Rxd1+ 17. Bxd1 Bd7 18. Be2 a6 19. Nd6+ Kc7 20.
Nc4 Bc3+ 21. Kf1 Bb5 22. h4 Kc6 23. Be3 Nd5 24. Rh3 Nxe3+ 25. Nxe3 Bb2 26. Nc4
Bd4 27. c3 Bf6 28. h5 Kc5 29. Nd2 Bc6 30. Nb3+ Kd6 31. h6 g6 32. Na5 Rc8 33.
Nxc6 Rxc6 34. c4 b5 35. c5+ Rxc5 36. Re3 Rc1+ {Normal} 0-1

[Event "Rated Blitz game"]
[Site "?"]
[Date "2021.05.20"]
[Round "?"]
[White "Plmlgs99"]
[Black "KinzyabulatovRenat"]
[Result "0-1"]
[WhiteElo "2496"]
[BlackElo "2420"]
[PlyCount "78"]
[EventDate "2021.??.??"]
[EventType "blitz"]

1. e4 e5 2. Nf3 d5 3. d3 Nc6 4. Nbd2 Nf6 5. Be2 Bc5 6. O-O O-O 7. c3 a5 8. b3
Qe7 9. a3 Rd8 10. Qc2 Ba7 11. Bb2 h6 12. b4 Qe6 13. Rae1 Ne7 14. exd5 Nfxd5 15.
d4 exd4 16. Bc4 Qg6 17. Qxg6 Nxg6 18. Bxd5 Rxd5 19. Re8+ Kh7 20. c4 Rd7 21. c5
c6 22. Bxd4 Re7 23. Rd8 Rd7 24. Re8 Re7 25. Rd8 Nf4 26. h4 Ne6 27. Rd6 Bb8 28.
Be5 Bxd6 29. cxd6 Rd7 30. Ne4 b6 31. h5 axb4 32. axb4 Ra4 33. Rc1 Bb7 34. Ng3
f6 35. Bc3 Rxd6 36. Nf5 Rd3 37. Re1 Rxc3 38. Rxe6 Bc8 39. Re7 Bxf5 {Time
forfeit} 0-1

[Event "Rated Blitz game"]
[Site "?"]
[Date "2021.05.20"]
[Round "?"]
[White "Wernerov"]
[Black "blastol"]
[Result "1-0"]
[WhiteElo "2428"]
[BlackElo "2381"]
[PlyCount "37"]
[EventDate "2021.??.??"]
[EventType "blitz"]

1. e4 e5 2. Nf3 d5 3. Nxe5 Bd6 4. d4 dxe4 5. Nc3 Nf6 6. Bg5 O-O 7. Nxe4 Bxe5 8.
c3 Bf5 9. Bd3 Bxe4 10. Bxe4 Nc6 11. Bxc6 bxc6 12. dxe5 Qxd1+ 13. Rxd1 Ne4 14.
Be3 Rfe8 15. f3 Nd6 16. exd6 Rxe3+ 17. Kf2 Rae8 18. dxc7 Re2+ 19. Kg3 {Normal}
1-0

[Event "Rated Blitz game"]
[Site "?"]
[Date "2021.05.20"]
[Round "?"]
[White "Parkrunner2038"]
[Black "DarthZannah"]
[Result "0-1"]
[WhiteElo "2402"]
[BlackElo "2500"]
[PlyCount "116"]
[EventDate "2021.??.??"]
[EventType "blitz"]

1. e4 e5 2. Nf3 d5 3. Nxe5 dxe4 4. d4 Nd7 5. Nxd7 Bxd7 6. Bc4 Bd6 7. Nc3 Nf6 8.
Bg5 O-O 9. O-O Re8 10. Nd5 Be7 11. Nxe7+ Qxe7 12. f3 e3 13. Re1 Qb4 14. Bb3 e2
15. Qd3 Nh5 16. c3 Qa5 17. Bd2 Bf5 18. Qc4 Be6 19. Qd3 Bf5 20. Qc4 Be6 21. Qd3
Bxb3 22. axb3 Qb6 23. b4 Qe6 24. Kf2 Qb3 25. Rab1 Nf6 26. Rxe2 Rxe2+ 27. Qxe2
Qc2 28. Qd1 Qf5 29. Ra1 a6 30. Kg1 Re8 31. Qb1 Qd5 32. Qd3 Qb3 33. Rb1 Nd5 34.
h3 Nxb4 35. Qf5 Nd5 36. Kh2 g6 37. Qd3 a5 38. Bh6 a4 39. Qd2 a3 40. Re1 Ra8 41.
Qe2 Nf6 42. bxa3 Qxa3 43. Qe5 Qd6 44. Bf4 Nd5 45. Qxd6 cxd6 46. Bxd6 Nxc3 47.
Re7 b5 48. Rb7 Kg7 49. Be5+ Kh6 50. h4 Ra6 51. g4 f6 52. Bf4+ g5 53. Bd2 Ra2
54. Kg3 Rxd2 55. hxg5+ fxg5 56. Rb6+ Kg7 57. Rc6 Ne2+ 58. Kh3 Nf4+ {Normal} 0-1

[Event "Rated Blitz game"]
[Site "?"]
[Date "2021.05.20"]
[Round "?"]
[White "Pussboots"]
[Black "JellalFernandes"]
[Result "0-1"]
[WhiteElo "2572"]
[BlackElo "2592"]
[PlyCount "46"]
[EventDate "2021.??.??"]
[EventType "blitz"]

1. e4 e5 2. Nf3 d5 3. d4 dxe4 4. Nxe5 Bd6 5. Nc4 Nf6 6. Nc3 O-O 7. Be2 Bb4 8.
O-O Nc6 9. Be3 Be6 10. a3 Bxc3 11. bxc3 Nd5 12. Qd2 f5 13. f4 Qe7 14. Ne5 Nxe5
15. fxe5 Nb6 16. Bg5 Qd7 17. h4 h6 18. Bf4 Rac8 19. Qe3 c5 20. Rad1 Nd5 21. Qg3
cxd4 22. Bxh6 Nxc3 23. Bb5 Nxb5 {Normal} 0-1

[Event "Rated Blitz game"]
[Site "?"]
[Date "2021.05.20"]
[Round "?"]
[White "Udemzo"]
[Black "DonCroccante"]
[Result "0-1"]
[WhiteElo "2470"]
[BlackElo "2434"]
[PlyCount "44"]
[EventDate "2021.??.??"]
[EventType "blitz"]

1. e4 e5 2. Nf3 d5 3. exd5 e4 4. Qe2 Nf6 5. d3 Qxd5 6. Nbd2 Qa5 7. c3 Nc6 8.
Nxe4 Nxe4 9. Qxe4+ Be6 10. Ng5 O-O-O 11. Nxe6 Re8 12. Be3 Rxe6 13. Qh4 Bc5 14.
d4 Bxd4 15. Bc4 Bxc3+ 16. bxc3 Qxc3+ 17. Ke2 Nd4+ 18. Kd1 Qxa1+ 19. Kd2 Qb2+
20. Kd3 Qc2+ 21. Kxd4 Rd8+ 22. Bd5 c5# {Normal} 0-1

[Event "Rated Blitz tournament 7uguc7zz"]
[Site "?"]
[Date "2021.05.20"]
[Round "?"]
[White "Renehp"]
[Black "dr_xStranger"]
[Result "1-0"]
[WhiteElo "2336"]
[BlackElo "2544"]
[PlyCount "33"]
[EventDate "2021.??.??"]
[EventType "blitz"]

1. e4 e5 2. Nf3 d5 3. Nxe5 Bd6 4. d4 dxe4 5. f4 exf3 6. Qxf3 Nf6 7. Bg5 h6 8.
Bh4 O-O 9. Nc3 Nc6 10. O-O-O g5 11. Bg3 Kg7 12. h4 g4 13. Qe3 Re8 14. Bf4 Nh5
15. Bxh6+ Kh8 16. Nxf7+ Kg8 17. Nxd8 {Normal} 1-0

[Event "Rated Blitz game"]
[Site "?"]
[Date "2021.05.20"]
[Round "?"]
[White "hadibeabisibe"]
[Black "blastol"]
[Result "1-0"]
[WhiteElo "2390"]
[BlackElo "2413"]
[PlyCount "119"]
[EventDate "2021.??.??"]
[EventType "blitz"]

1. e4 e5 2. Nf3 d5 3. exd5 Bd6 4. d4 e4 5. Ne5 Nf6 6. Nc3 O-O 7. Be2 Re8 8. O-O
Nbd7 9. Bf4 a6 10. Nxd7 Bxf4 11. Nxf6+ Qxf6 12. g3 Bh3 13. Re1 e3 14. Bf3 exf2+
15. Kxf2 Rxe1 16. Kxe1 Re8+ 17. Ne4 Bd6 18. Qe2 Qd8 19. g4 f5 20. gxf5 Bxf5 21.
Kd2 Bf4+ 22. Kc3 Qe7 23. Re1 a5 24. Nf6+ gxf6 25. Qxe7 Rxe7 26. Rxe7 Bd6 27.
Re8+ Kf7 28. Ra8 b6 29. a3 Bxh2 30. b4 axb4+ 31. axb4 Bd6 32. Kb3 h6 33. c4 Kg6
34. c5 bxc5 35. dxc5 Bf4 36. Kc4 h5 37. Be2 h4 38. Bd3 h3 39. Bxf5+ Kxf5 40.
Rh8 Kg4 41. b5 Bg5 42. Rxh3 Kxh3 43. b6 cxb6 44. c6 Bf4 45. Kb5 Bc7 46. Ka6 Kg4
47. Kb7 Kg5 48. Kxc7 b5 49. d6 b4 50. d7 b3 51. d8=Q b2 52. Qg8+ Kf5 53. Qb3
b1=Q 54. Qxb1+ Ke6 55. Qf1 f5 56. Kb6 Kf6 57. c7 Kg5 58. Qxf5+ Kxf5 59. c8=Q+
Kf4 60. Qc6 {Time forfeit} 1-0

[Event "Rated Blitz game"]
[Site "?"]
[Date "2021.05.20"]
[Round "?"]
[White "reda74"]
[Black "specialprize4u"]
[Result "0-1"]
[WhiteElo "2407"]
[BlackElo "2252"]
[PlyCount "50"]
[EventDate "2021.??.??"]
[EventType "blitz"]

1. e4 e5 2. Nf3 d5 3. Nxe5 Bd6 4. Nxf7 Kxf7 5. Qh5+ g6 6. Qxd5+ Be6 7. Qxb7 Nd7
8. Nc3 Ngf6 9. d4 Rb8 10. Qxa7 Ra8 11. Qb7 Rb8 12. Qa6 Bb4 13. Bd3 Rf8 14. O-O
Rb6 15. Qa4 Qe7 16. d5 Bg4 17. f3 Bc5+ 18. Kh1 Rb4 19. Qa5 Bb6 20. Qa3 Kg8 21.
Bh6 Rb8 22. fxg4 Nxg4 23. Bg5 Qxg5 24. Qxb4 Qh4 25. h3 Qg3 {Normal} 0-1

[Event "Rated Blitz game"]
[Site "?"]
[Date "2021.05.20"]
[Round "?"]
[White "Tetragona_Twitch"]
[Black "magos33"]
[Result "1-0"]
[WhiteElo "2359"]
[BlackElo "2412"]
[PlyCount "113"]
[EventDate "2021.??.??"]
[EventType "blitz"]

1. e4 e5 2. Nf3 d5 3. Nxe5 Bd6 4. d4 dxe4 5. Nc4 Nf6 6. Be2 O-O 7. Nxd6 Qxd6 8.
O-O Bf5 9. c4 c5 10. Be3 cxd4 11. Qxd4 Qxd4 12. Bxd4 Nbd7 13. Nc3 Rfe8 14. Rad1
Rac8 15. Nb5 Rc6 16. Bxf6 Rxf6 17. Nd6 Rxd6 18. Rxd6 Be6 19. b3 f5 20. c5 Ne5
21. Rfd1 Kf7 22. b4 Re7 23. a4 Rc7 24. Rd8 a5 25. bxa5 Rxc5 26. a6 bxa6 27.
Bxa6 Bb3 28. Rb1 Bxa4 29. Bf1 Bd7 30. Rd1 Ke7 31. Rb8 Rc7 32. h4 g6 33. Rb4 h6
34. Rb2 f4 35. Bb5 Bf5 36. Rd5 Ke6 37. Rbd2 e3 38. Rd6+ Ke7 39. fxe3 fxe3 40.
R2d5 Rc1+ 41. Kh2 Ng4+ 42. Kg3 Be4 43. Kxg4 Bxd5 44. Rxd5 Ke6 45. Rd8 h5+ 46.
Kg3 Kf6 47. Re8 Rc3 48. Be2 g5 49. hxg5+ Kxg5 50. Re5+ Kf6 51. Rxh5 Rc2 52. Kf3
Kg6 53. Rh4 Kg5 54. Re4 Rc3 55. g3 Rb3 56. Rxe3 Rxe3+ 57. Kxe3 {Time forfeit}
1-0

[Event "Rated Blitz game"]
[Site "?"]
[Date "2021.05.20"]
[Round "?"]
[White "Dr_Miro_aliraqi"]
[Black "hardacre"]
[Result "0-1"]
[WhiteElo "2400"]
[BlackElo "2369"]
[PlyCount "140"]
[EventDate "2021.??.??"]
[EventType "blitz"]

1. e4 e5 2. Nf3 d5 3. d4 dxe4 4. Nxe5 Bd6 5. Bc4 Bxe5 6. Qh5 Qe7 7. Qxe5 Qxe5
8. dxe5 Nc6 9. O-O Nxe5 10. Bb3 Nf6 11. Nc3 Bf5 12. Bg5 O-O-O 13. Rfe1 Neg4 14.
h3 h6 15. Bxf6 Nxf6 16. Bxf7 Rd2 17. Bb3 Rhd8 18. Rad1 c6 19. Rxd2 Rxd2 20. Rd1
Rxd1+ 21. Nxd1 Nd5 22. Bxd5 cxd5 23. Ne3 Be6 24. c3 Kd7 25. Kf1 Kd6 26. Ke2 Ke5
27. Kd2 g5 28. a3 a5 29. Ke2 d4 30. cxd4+ Kxd4 31. Kd2 b5 32. Nc2+ Ke5 33. Kc3
Bc4 34. Ne3 Bd3 35. Ng4+ Kf4 36. Nxh6 Bf1 37. g3+ Kf3 38. Ng4 Bxh3 39. Nf6 Bg2
40. Kd4 Kxf2 41. g4 Kg3 42. Ke3 Bf3 43. Nh7 Kxg4 44. Nf6+ Kf5 45. Nd5 g4 46.
Ne7+ Kg5 47. Nc6 g3 48. Ne5 Kf5 49. Nxf3 exf3 50. Kxf3 Ke5 51. Kxg3 Kd4 52. Kf2
Kd3 53. b4 a4 54. Ke1 Kc3 55. Kd1 Kb3 56. Kc1 Kxa3 57. Kb1 Kxb4 58. Ka2 Kc3 59.
Ka3 b4+ 60. Kxa4 b3 61. Ka3 Kc2 62. Kb4 b2 63. Kc4 b1=Q 64. Kd4 Qb5 65. Ke3 Qc4
66. Kf3 Qd4 67. Ke2 Qe4+ 68. Kf2 Qf4+ 69. Ke2 Kc3 70. Kd1 Qf2 {Normal} 0-1

[Event "Rated Blitz game"]
[Site "?"]
[Date "2021.05.20"]
[Round "?"]
[White "ajedrezsinlimites"]
[Black "annaly1979"]
[Result "1-0"]
[WhiteElo "2524"]
[BlackElo "2407"]
[PlyCount "101"]
[EventDate "2021.??.??"]
[EventType "blitz"]

1. e4 e5 2. Nf3 d5 3. exd5 e4 4. Qe2 f5 5. d3 Nf6 6. dxe4 fxe4 7. Ng5 Be7 8.
Nxe4 Nxe4 9. Qxe4 O-O 10. Bd3 Bf5 11. Qc4 Bxd3 12. Qxd3 Nd7 13. Nc3 a6 14. Be3
Ne5 15. Qe4 Bd6 16. O-O-O b5 17. h4 Qf6 18. Ne2 Rae8 19. Qd4 Qf7 20. Ng3 Nc4
21. Ne4 Be5 22. Ng5 Qg6 23. Qd3 Bxb2+ 24. Kb1 Rf5 25. g4 Qf6 26. c3 Rxg5 27.
hxg5 Qg6 28. Qxg6 hxg6 29. Kc2 Ba3 30. Rhe1 Bd6 31. Bd4 Rf8 32. Re4 Na3+ 33.
Kd3 Rf3+ 34. Re3 Rf4 35. Re8+ Kf7 36. Re4 Rf3+ 37. Ke2 Rh3 38. Be5 Nc4 39. Bxd6
Nxd6 40. Re3 Rh4 41. Rd4 Rh1 42. Rf4+ Kg8 43. Re7 Ra1 44. Rxc7 Rxa2+ 45. Kf1
Rd2 46. Rd7 Rxd5 47. Rd8+ Kh7 48. Rff8 Rd1+ 49. Kg2 Nf7 50. Rxd1 Nxg5 51. Rh1+
{Normal} 1-0

[Event "Rated Blitz game"]
[Site "?"]
[Date "2021.05.20"]
[Round "?"]
[White "hmnotanatix"]
[Black "DonCroccante"]
[Result "0-1"]
[WhiteElo "2468"]
[BlackElo "2435"]
[PlyCount "96"]
[EventDate "2021.??.??"]
[EventType "blitz"]

1. e4 e5 2. Nf3 d5 3. Nxe5 Bd6 4. d4 dxe4 5. Bc4 Bxe5 6. dxe5 Qxd1+ 7. Kxd1 Nc6
8. Bf4 Nge7 9. Bg3 Bg4+ 10. Kc1 O-O-O 11. Bxf7 Rhf8 12. Bc4 Ng6 13. h3 Bf5 14.
e6 Rfe8 15. Nc3 Na5 16. Bb3 Bxe6 17. Bxe6+ Rxe6 18. Re1 Rde8 19. b3 e3 20. f3
Nc6 21. Ne4 Nge7 22. Rxe3 Nf5 23. Rd3 Nxg3 24. Nxg3 Rg6 25. f4 Nb4 26. Rf3 Nd5
27. f5 Rc6 28. Kb2 Ne3 29. c4 Nxg2 30. Rb1 Rd8 31. Rc1 Rd2+ 32. Rc2 Rxc2+ 33.
Kxc2 Ne1+ 34. Kd2 Nxf3+ 35. Ke3 Nh4 36. Kf4 Ng2+ 37. Kf3 Ne1+ 38. Ke2 Nc2 39.
Kd2 Nb4 40. Kc3 Nd5+ 41. Kd4 Nf6 42. Ke5 Kd7 43. h4 Rc5+ 44. Kf4 a5 45. a3 a4
46. bxa4 Rxc4+ 47. Ke5 Rxa4 48. h5 h6 {Time forfeit} 0-1

[Event "Rated Blitz game"]
[Site "?"]
[Date "2021.05.20"]
[Round "?"]
[White "hmnotanatix"]
[Black "Slimslik02"]
[Result "1-0"]
[WhiteElo "2474"]
[BlackElo "2356"]
[PlyCount "87"]
[EventDate "2021.??.??"]
[EventType "blitz"]

1. e4 e5 2. Nf3 d5 3. exd5 e4 4. Qe2 Nf6 5. c4 Bc5 6. d4 Bb4+ 7. Bd2 Bxd2+ 8.
Nfxd2 O-O 9. Nc3 Bg4 10. Qe3 Bf5 11. h3 c6 12. dxc6 Nxc6 13. d5 Nb4 14. O-O-O
Qa5 15. a3 Nd3+ 16. Bxd3 exd3 17. g4 Bg6 18. f4 Rfe8 19. Qd4 Ne4 20. f5 Nxc3
21. Qxc3 Qc5 22. Qxd3 Re3 23. Qc2 b5 24. fxg6 hxg6 25. Ne4 Qe7 26. c5 Rxe4 27.
d6 Qe8 28. d7 Qe7 29. d8=Q+ Rxd8 30. Rxd8+ Kh7 31. Rd3 Rc4 32. Rc3 Qxc5 33.
Rxc4 bxc4 34. h4 Qd5 35. Rh2 Qd4 36. Kb1 Qxg4 37. h5 Kg8 38. hxg6 fxg6 39. Rg2
Qf4 40. Qxg6 Qe5 41. Kc2 a5 42. Qxg7+ Qxg7 43. Rxg7+ Kxg7 44. Kc3 {Normal} 1-0

[Event "Rated Blitz game"]
[Site "?"]
[Date "2021.05.19"]
[Round "?"]
[White "JohnnyAnto"]
[Black "GrandeGila"]
[Result "1-0"]
[WhiteElo "2458"]
[BlackElo "2457"]
[PlyCount "93"]
[EventDate "2021.??.??"]
[EventType "blitz"]

1. e4 e5 2. Nf3 d5 3. Nxe5 Bd6 4. d4 dxe4 5. Nc4 Nc6 6. Nc3 Bb4 7. Be3 Nf6 8.
Be2 Nd5 9. O-O Nxc3 10. bxc3 Bxc3 11. d5 Bxa1 12. Qxa1 Ne7 13. Qxg7 Rg8 14.
Qxh7 Bf5 15. Qh5 Qxd5 16. Rd1 Qe6 17. Bf4 Nd5 18. Bg3 O-O-O 19. Ne5 Rg7 20. Bc4
c6 21. Qh4 Rdg8 22. Bxd5 cxd5 23. Qf4 f6 24. Nc4 Rxg3 25. Nd6+ Qxd6 26. Qxd6
Rxg2+ 27. Kf1 Rg1+ 28. Ke2 Bg4+ 29. f3 Bxf3+ 30. Ke3 Bxd1 31. Qe6+ Kc7 32. Qxd5
Re1+ 33. Kf2 Re2+ 34. Kf1 Rxh2 35. Qxg8 Bf3 36. Qg3+ Kc6 37. Qxh2 f5 38. Kf2
Kd5 39. Qf4 Kd4 40. c3+ Kxc3 41. Qxf5 Kb2 42. Qa5 b6 43. Qxa7 b5 44. Qb6 b4 45.
Qxb4+ Kxa2 46. Ke3 Bg2 47. Kd2 {Time forfeit} 1-0

[Event "Rated Blitz game"]
[Site "?"]
[Date "2021.05.19"]
[Round "?"]
[White "Rolla-tsport"]
[Black "KinzyabulatovRenat"]
[Result "1-0"]
[WhiteElo "2527"]
[BlackElo "2368"]
[PlyCount "119"]
[EventDate "2021.??.??"]
[EventType "blitz"]

1. e4 e5 2. Nf3 d5 3. Nxe5 Bd6 4. d4 dxe4 5. Nc3 Bxe5 6. dxe5 Qxd1+ 7. Kxd1 Nc6
8. Bb5 Bd7 9. Bxc6 Bxc6 10. Ke2 f5 11. h4 O-O-O 12. h5 Ne7 13. h6 g6 14. Bg5
Rhe8 15. Rhe1 Rd7 16. f4 exf3+ 17. gxf3 Nd5 18. Nxd5 Rxd5 19. f4 Bb5+ 20. Ke3
Rc5 21. Rac1 Rc4 22. b3 Rc3+ 23. Kd4 Rf3 24. c4 Bc6 25. Rcd1 b6 26. Re3 Rf2 27.
a4 Be4 28. Kc3 a5 29. Rd2 Rf1 30. Rde2 Bc6 31. Re1 Rf2 32. Rd3 Be4 33. Rd2 Rf3+
34. Kb2 Rf8 35. Red1 Kb7 36. e6 Re8 37. e7 Bc6 38. Rd8 Re3 39. Rxe8 Bxe8 40.
Rd8 Bc6 41. Rh8 Re2+ 42. Kc1 Bd7 43. Rxh7 Kc6 44. Rh8 Kc5 45. Rd8 Bc6 46. Rd2
Re1+ 47. Kb2 Kb4 48. h7 Rh1 49. e8=Q Bxe8 50. Be7+ c5 51. Bf6 Rh3 52. h8=Q
Rxb3+ 53. Ka2 Kxa4 54. Rb2 Ra3+ 55. Kb1 Bc6 56. Qc8 Be4+ 57. Kc1 Ra1+ 58. Kd2
Ra3 59. Qd7+ b5 60. Qxb5# {Normal} 1-0

[Event "Rated Blitz tournament lRpYpQdE"]
[Site "?"]
[Date "2021.05.19"]
[Round "?"]
[White "COVID24"]
[Black "andro2"]
[Result "0-1"]
[WhiteElo "2431"]
[BlackElo "2310"]
[PlyCount "68"]
[EventDate "2021.??.??"]
[EventType "blitz"]

1. e4 e5 2. Nf3 d5 3. Nxe5 dxe4 4. d4 Be6 5. Be3 Nf6 6. Bc4 Bxc4 7. Nxc4 Be7 8.
Nc3 O-O 9. Qe2 c6 10. O-O Nbd7 11. Rad1 Re8 12. d5 cxd5 13. Nxd5 Nxd5 14. Rxd5
Qc7 15. Rfd1 Nf6 16. R5d2 Rac8 17. b3 b5 18. Nd6 Bxd6 19. Rxd6 Qxc2 20. Qxb5
Qxa2 21. Qg5 Re6 22. Rxe6 fxe6 23. h3 Qxb3 24. Rd6 Qb1+ 25. Kh2 Qb8 26. Bf4 Qb3
27. Be5 Rf8 28. Rd7 Rf7 29. Bxf6 Rxd7 30. Be5 Qd5 31. h4 h6 32. Qh5 Rf7 33. Kg1
Kh7 34. g4 Qd1+ {Normal} 0-1

[Event "Rated Blitz game"]
[Site "?"]
[Date "2021.05.19"]
[Round "?"]
[White "hmnotanatix"]
[Black "annaly1979"]
[Result "0-1"]
[WhiteElo "2441"]
[BlackElo "2404"]
[PlyCount "68"]
[EventDate "2021.??.??"]
[EventType "blitz"]

1. e4 e5 2. Nf3 d5 3. exd5 e4 4. Qe2 f5 5. c4 Nf6 6. d4 c6 7. dxc6 Nxc6 8. d5
Nb4 9. Nd4 Nd3+ 10. Kd1 Bc5 11. Be3 f4 12. Nc3 fxe3 13. Qxe3 O-O 14. Bxd3 exd3
15. Qxd3 Ng4 16. Ne4 Nxf2+ 17. Nxf2 Rxf2 18. Rf1 Rxf1+ 19. Qxf1 Bxd4 20. Kc2
Qf6 21. Qxf6 Bxf6 22. Re1 Bf5+ 23. Kb3 Rc8 24. Kb4 Bxb2 25. c5 a5+ 26. Kb5 Bd7+
27. Kb6 Bd4 28. Re7 Bxc5+ 29. Kxb7 Bxe7 30. d6 Bxd6 31. Ka6 Rb8 32. g4 Bc5 33.
h4 Bc6 34. h5 Ra8# {Normal} 0-1

[Event "Rated Blitz game"]
[Site "?"]
[Date "2021.05.19"]
[Round "?"]
[White "gil13579"]
[Black "annaly1979"]
[Result "0-1"]
[WhiteElo "2507"]
[BlackElo "2388"]
[PlyCount "128"]
[EventDate "2021.??.??"]
[EventType "blitz"]

1. e4 e5 2. Nf3 d5 3. Nc3 dxe4 4. Nxe4 f5 5. Nc3 e4 6. Ne5 Nf6 7. Bc4 Bc5 8.
Qe2 Nc6 9. Nxc6 bxc6 10. O-O Qe7 11. d3 Be6 12. dxe4 Bxc4 13. Qxc4 Bd6 14.
Qxc6+ Kf7 15. Qc4+ Kg6 16. exf5+ Kxf5 17. Be3 Kg6 18. Rfe1 Qe5 19. f4 Qf5 20.
h3 h5 21. Qd3 Rhe8 22. Qxf5+ Kxf5 23. Rad1 a6 24. Kf2 Bb4 25. Kf3 Bxc3 26. bxc3
h4 27. Rd4 c6 28. Red1 Nd5 29. Bd2 Rad8 30. c4 Nb6 31. Rxd8 Rxd8 32. Rb1 Nxc4
33. Bc3 Re8 34. Bd4 Re4 35. Be5 Nd2+ 36. Kf2 Nxb1 37. Bxg7 Rxf4+ 38. Ke3 Rc4
39. Kd3 Ra4 40. Bf8 Rxa2 41. Be7 Na3 42. Bxh4 Nxc2 43. g4+ Kg6 44. Be7 a5 45.
h4 Nb4+ 46. Kc4 Re2 47. h5+ Kf7 48. Bd8 Re4+ 49. Kc5 Rxg4 50. Kb6 Nd5+ 51. Kxa5
Rb4 52. Ka6 Rb1 53. Ka5 c5 54. Bg5 c4 55. h6 Kg6 56. Bd2 c3 57. Bxc3 Nxc3 58.
Ka6 Kxh6 59. Ka5 Kg6 60. Ka6 Kf6 61. Ka5 Ke6 62. Ka6 Kd6 63. Ka5 Kc6 64. Ka6
Ra1# {Normal} 0-1

[Event "Rated Blitz game"]
[Site "?"]
[Date "2021.05.19"]
[Round "?"]
[White "Samhouri"]
[Black "Aldebaraan"]
[Result "0-1"]
[WhiteElo "2439"]
[BlackElo "2330"]
[PlyCount "90"]
[EventDate "2021.??.??"]
[EventType "blitz"]

1. e4 e5 2. Nf3 d5 3. d4 dxe4 4. Nxe5 Bd6 5. Nc4 f5 6. Nc3 Nf6 7. Nxd6+ cxd6 8.
Bg5 O-O 9. Bc4+ Kh8 10. O-O Nc6 11. Nd5 Bd7 12. c3 h6 13. Nxf6 Rxf6 14. Bxf6
Qxf6 15. f3 e3 16. f4 Re8 17. Qf3 Ne7 18. Qxe3 Bc6 19. Rae1 Ng6 20. Qf2 Re4 21.
Rxe4 Bxe4 22. Be2 Nh4 23. Bf3 Nxf3+ 24. gxf3 Bc6 25. c4 Qg6+ 26. Qg3 Qf6 27. d5
Bd7 28. Qf2 a6 29. Rd1 b5 30. b3 Qc3 31. Qe2 bxc4 32. bxc4 Kh7 33. Kh1 Ba4 34.
Rg1 a5 35. Rg3 Qc1+ 36. Kg2 Qxf4 37. Qe6 Qe5 38. Qg6+ Kh8 39. f4 Qb2+ 40. Kh3
Kg8 41. Qe6+ Kh8 42. Qxd6 Qf6 43. Qxf6 gxf6 44. Rg6 Bb3 45. Rxf6 Bxc4 {Time
forfeit} 0-1

[Event "Rated Blitz game"]
[Site "?"]
[Date "2021.05.19"]
[Round "?"]
[White "satlan"]
[Black "DonCroccante"]
[Result "1-0"]
[WhiteElo "2600"]
[BlackElo "2433"]
[PlyCount "49"]
[EventDate "2021.??.??"]
[EventType "blitz"]

1. e4 e5 2. Nf3 d5 3. Nc3 d4 4. Ne2 Nc6 5. d3 h5 6. h4 f6 7. Ng3 Be6 8. Be2 Qd7
9. O-O O-O-O 10. a3 g5 11. c4 gxh4 12. Nxh4 Nh6 13. b4 f5 14. Bxh6 Bxh6 15.
exf5 Bf7 16. Ng6 Bf4 17. Nxh5 Bxg6 18. fxg6 Kb8 19. Bg4 Qe7 20. g3 Bh6 21. b5
Na5 22. Kg2 e4 23. Qe1 Qg5 24. Qxe4 Rhe8 25. Qf5 {Time forfeit} 1-0

[Event "Rated Blitz game"]
[Site "?"]
[Date "2021.05.19"]
[Round "?"]
[White "Cor64"]
[Black "annaly1979"]
[Result "1-0"]
[WhiteElo "2553"]
[BlackElo "2377"]
[PlyCount "97"]
[EventDate "2021.??.??"]
[EventType "blitz"]

1. e4 e5 2. Nf3 d5 3. exd5 e4 4. Ne5 Bd6 5. d4 Nf6 6. Nc3 h6 7. Be2 O-O 8. Bf4
Nbd7 9. Qd2 Re8 10. Nxd7 Bxd7 11. Bxd6 cxd6 12. O-O a6 13. a4 Rc8 14. a5 Bf5
15. Qe3 Bg6 16. h3 Rxc3 17. Qxc3 Nxd5 18. Qg3 Qf6 19. c3 Nf4 20. Rfe1 d5 21.
Bf1 h5 22. h4 Rc8 23. Ra4 Qc6 24. Rb4 Ne6 25. Ra1 Qd7 26. Ra3 Rc7 27. Rab3 Kh7
28. Rb6 Nd8 29. Qf4 Nc6 30. Ra3 Qd8 31. Qg5 f6 32. Qf4 Re7 33. b4 Rd7 34. Rxc6
bxc6 35. Bxa6 Re7 36. Bf1 e3 37. fxe3 Qe8 38. c4 dxc4 39. Bxc4 Re4 40. Qf2 Rg4
41. a6 Be4 42. Bf1 Qa8 43. Ra2 Bd5 44. Rc2 Be4 45. Rc5 f5 46. Rxf5 Bxf5 47.
Qxf5+ Kg8 48. Qxh5 Re4 49. Bc4+ {Normal} 1-0

[Event "Rated Blitz game"]
[Site "?"]
[Date "2021.05.19"]
[Round "?"]
[White "d3rocks"]
[Black "Erow"]
[Result "1-0"]
[WhiteElo "2582"]
[BlackElo "2745"]
[PlyCount "61"]
[EventDate "2021.??.??"]
[EventType "blitz"]

1. e4 e5 2. Nf3 d5 3. Nc3 d4 4. Ne2 Nc6 5. Ng3 Nf6 6. Bb5 Bd6 7. O-O h5 8. h3
h4 9. Nf5 Bxf5 10. exf5 e4 11. Nxd4 Qd7 12. d3 O-O-O 13. dxe4 Nxe4 14. Nxc6
bxc6 15. Ba6+ Kb8 16. Qg4 Rde8 17. Be3 c5 18. c4 Qc6 19. Bb5 Qb7 20. Bxe8 Rxe8
21. Qxg7 Qc8 22. Qxf7 Be5 23. Rad1 Nd6 24. Qd5 Nxf5 25. Qxc5 Nxe3 26. Qb5+ Ka8
27. Qc6+ Kb8 28. fxe3 Re6 29. Qd7 Qa6 30. Rf8+ Kb7 31. Qc8+ {Normal} 1-0

[Event "Rated Blitz game"]
[Site "?"]
[Date "2021.05.19"]
[Round "?"]
[White "bebeto80"]
[Black "Berovski"]
[Result "1-0"]
[WhiteElo "2422"]
[BlackElo "2397"]
[PlyCount "119"]
[EventDate "2021.??.??"]
[EventType "blitz"]

1. e4 e5 2. Nf3 d5 3. exd5 e4 4. Ne5 Qxd5 5. d4 exd3 6. Bf4 Bd6 7. Nc3 Qa5 8.
Nxd3 Bxf4 9. Nxf4 Qe5+ 10. Qe2 Qxe2+ 11. Bxe2 c6 12. O-O-O Nf6 13. Rhe1 O-O 14.
h3 Nbd7 15. g4 g5 16. Ng2 Ne5 17. f4 gxf4 18. Nxf4 Ng6 19. Nxg6 hxg6 20. Bc4 b5
21. Bb3 a5 22. Rd6 a4 23. Rxf6 axb3 24. cxb3 Be6 25. a3 b4 26. Na4 bxa3 27.
bxa3 Bxb3 28. Nb6 Rxa3 29. Kb2 Ra6 30. Nd7 Bd5 31. Nxf8 Kxf8 32. Ra1 Rb6+ 33.
Kc2 Kg7 34. Rf4 Rb5 35. h4 Rc5+ 36. Kd2 g5 37. hxg5 Be6 38. g6 Kxg6 39. Rc1
Rd5+ 40. Ke3 c5 41. Rfc4 Re5+ 42. Kf4 Bxc4 43. Kxe5 Be6 44. Kf4 c4 45. Rc3 Kf6
46. g5+ Kg6 47. Rg3 Bd5 48. Ke5 Be6 49. Kf4 Bd5 50. Rg1 Be6 51. Rh1 Bd5 52.
Rh6+ Kg7 53. Rd6 Be6 54. Ke5 Kg6 55. Kf4 Kg7 56. Rc6 Kg6 57. Rc5 Kg7 58. Rc7
Kg6 59. Rxf7 Kxf7 60. Ke5 {Time forfeit} 1-0